Bharatar baideshik niti (Record no. 9961)

MARC details
000 -LEADER
fixed length control field 00585cam a2200229ua 4500
001 - CONTROL NUMBER
control field 11087
005 - DATE AND TIME OF LATEST TRANSACTION
control field 20260515114714.0
008 - FIXED-LENGTH DATA ELEMENTS--GENERAL INFORMATION
fixed length control field 190808n ii |||gr||||Z||||||asm
020 ## - INTERNATIONAL STANDARD BOOK NUMBER
International Standard Book Number 9789381784532
040 ## - CATALOGING SOURCE
Transcribing agency MAIN
041 ## - LANGUAGE CODE
Language code of text/sound track or separate title asm
082 ## - DEWEY DECIMAL CLASSIFICATION NUMBER
Classification number 327.54
100 ## - MAIN ENTRY--PERSONAL NAME
Personal name Nabin Gohain,
Relator term Author.
245 ## - TITLE STATEMENT
Title Bharatar baideshik niti
Statement of responsibility, etc. By Nabin Gohain
250 ## - EDITION STATEMENT
Edition statement 4th semester ed.
260 ## - PUBLICATION, DISTRIBUTION, ETC.
Place of publication, distribution, etc. Jorhat:
Name of publisher, distributor, etc. Bidya bhawan,
Date of publication, distribution, etc. 2017.
300 ## - PHYSICAL DESCRIPTION
Extent 416p.
653 ## - INDEX TERM--UNCONTROLLED
Uncontrolled term International relations
653 ## - INDEX TERM--UNCONTROLLED
Uncontrolled term Foreign policy of India
700 ## - ADDED ENTRY--PERSONAL NAME
Personal name Momi Dutta Kotoky,
Relator term Author.
942 ## - ADDED ENTRY ELEMENTS (KOHA)
Koha item type Books
Holdings
Withdrawn status Lost status Damaged status Not for loan Home library Current library Shelving location Date acquired Total checkouts Full call number Barcode Date last seen Date last checked out Copy number Price effective from Koha item type
        Naharkatiya College Library Naharkatiya College Library General stacks 09/19/2020 21 327.54Foreign policy of India | GOH 26839 06/08/2023 06/08/2023 1 09/19/2020 Books
        Naharkatiya College Library Naharkatiya College Library General stacks 09/19/2020 16 327.54Foreign policy of India | GOH 26840 03/30/2023 03/14/2023 2 09/19/2020 Books
        Naharkatiya College Library Naharkatiya College Library General stacks 09/19/2020 9 327.54Foreign policy of India | GOH 26841 01/18/2025 12/10/2024 3 09/19/2020 Books